000 00281nam a22001337a 4500
008 170629b xxu||||| |||| 00| 0 eng d
020 _a9781413011944
041 _aeng
080 _a821
100 _a22
101 _aGJL
245 _aPUENTES
_cMARINELLI, P.J
942 _2udc
_cBK
999 _c19534
_d19534